| 000 | 00816nam a22002417a 4500 | ||
|---|---|---|---|
| 001 | BRCA_9373 | ||
| 003 | FranzMayer | ||
| 005 | 20230918123722.0 | ||
| 008 | 230830b |||||||| |||| 00| 0 eng d | ||
| 020 | _a9688370568 | ||
| 040 |
_aMFM _bespañol _cMFM |
||
| 050 | 0 |
_aQP401 _bU53 1984 |
|
| 110 | 1 |
_4Responsable _aUNAM _bFacultad de filosofía y letras _929392 |
|
| 240 |
_aEl cerebro ritual _lespañol |
||
| 245 | 0 | _aEl cerebro ritual | |
| 260 |
_aMéxico _bUNAM _c1984 |
||
| 300 |
_a26 p _bIlustraciones _c23 cm |
||
| 500 | _aAnexo 1 | ||
| 505 | _aTexto en: españolIncluye índice temáticoIncluye bibliografíaDirigido a: artistas, psicólogos y psiquiatras | ||
| 650 | 1 |
_2Psicología _aNeuropsicología _vSistema de pensamiento _929393 |
|
| 651 | 2 |
_2Cerebro _aEmociones _vArte _929394 |
|
| 942 |
_2lcc _cB |
||
| 999 |
_c10995 _d10995 |
||